| 000 | 02510nam a22003254i 4500 | ||
|---|---|---|---|
| 999 |
_c64653 _d64653 |
||
| 001 | Rebiun09243445 | ||
| 003 | CO-MdFUSB | ||
| 005 | 20181101132042.0 | ||
| 008 | 981212s1974 sp 000 0 spa d | ||
| 020 | _a8485108337 | ||
| 040 |
_aUM _bspa _cCO-MdFUSB _dCO-MdFUSBC _erda |
||
| 041 | _aspa | ||
| 080 | _a224.01 | ||
| 080 | _a224.1.01 | ||
| 082 |
_223 _a224.1 _bT793 |
||
| 100 | 1 |
_aTrenchard, Ernesto _eautor |
|
| 245 | 0 | 0 |
_aIntroducción a los libros proféticos e Isaías _c/ Ernesto Trenchard. |
| 246 |
_aLos libros proféticos : _bintroducción general: exposición de Isaías |
||
| 264 | 1 |
_aMadrid, España : _bLiteratura Bíblica, _c℗[1974] |
|
| 300 |
_a192 páginas : _bilustraciones ; _c20 cm |
||
| 336 |
_2rdacontent _atexto _btxt |
||
| 337 |
_2rdamedia _asin mediación _bn |
||
| 338 |
_2rdacarrier _avolumen _bnc |
||
| 490 | _aCursos de estudio bíblico | ||
| 505 |
_tIntroducción a los libros proféticos _aCapítulo 1. La revelación divina y la profecía -- Capítulo 2. Los profetas: su inspiración y métodos -- Capítulo 3. El tema mesiánico -- Capítulo 4. Los grandes temas proféticos |
||
| 505 |
_tEl libro de Isaías _aCapítulo 1. Introducción -- Capítulo 2. El análisis del libro -- Capítulo 3. (Comentario sobre el texto) El fracaso de Jerusalén 1:1-31 -- Capítulo 4. El reino de Dios y los pecados de Jerusalén 2:1-4:6 -- Capítulo 5. La viña de Israel y el llamamiento de Isaías 5:1-6:13 -- Capítulo 6. El libro de Emanuel 7:1-9:7 -- Capítulo 7. Los dos imperios: el Asirio y el de Mesías 9:8-12:6 -- Capítulo 8. Los pecados y el juicio a las naciones gentiles (caps. 13-23) -- Capítulo 9. El día de Jehová y la salvación del pueblo (cap.s 24 a 27) -- Capítulo 10. Castigo y restauración de Israel (caps. 28 a 35) -- Capítulo 11. El paréntesis histórico (caps. 36-39) -- Capítulo 12. Los dos siervos y su obra (caps. 40 a 66) -- Capítulo 13. El juicio contra babilonia (caps. 45 a 48) -- Capítulo 14. El siervo de Jehová (caps. 49 a 57) -- Capítulo 15. El pregón de la liberación 51:1-52:12 -- Capítulo 16. El precio del perdón 52:13-53:12 -- Capítulo 17. La anticipación del evangelio (caps. 54 y 55) -- Capítulo 18. Amonestaciones y promesas (caps 56 y 57) -- Capítulo 19. Obstáculos que impiden la manifestación del poder de Dios (caps 58 y 59) -- Capítulo 20. El fin glorioso de la obra de Dios (caps. 60 a 66) |
||
| 563 | _aTapa rústica | ||
| 630 | 7 |
_aBiblia _pIsaías _xCrítica, interpretación, etc. |
|
| 942 | _cBK | ||